000 02105cam a22005054i 4500
003 PE-LiUPU
005 20250731173502.0
008 150616s r 000 0 d
020 _a0943575958
035 _a(Sirsi) i9780943575957
040 _aPE-LiUPU
_bspa
_cPE-LiUPU
_erda
049 _aPRUA
082 0 4 _b
_221
100 1 _aEvans, Craig A.,
_eautor.
245 1 0 _aNoncanonical Writings and New Testament Interpretation /
_cCraig A. Evans.
264 1 _aMassachusetts :
_bHendrickson Publishers,
_c1992.
300 _a281 páginas ;
_c24 centímetros
336 _atext
_2rdacontent
337 _aunmediated
_2rdamedia
338 _avolume
_2rdacarrier
505 0 _aThe Old Testament apocrypha -- The Old Testament pseudepigrapha -- The dead sea scrolls -- Versions of The Old testament -- Philo and Josephus -- The Targum -- Rabbinic literature -- The New Testament apocrypha and pseudepigrapha -- Early church fathers.
526 _aSEG42
526 _aSEG41
526 _aSEG40
526 _aSEG39
526 _aP94
526 _aP87
526 _aP86
526 _aP85
526 _aP77
526 _aP76
526 _aP35
630 _aBiblia.
_pN.T.
_xApócrifos
_xCritica, interpretación, etc.
630 _aBiblia.
_pN.T.
_xParalelos Extra-canonicos.
910 _ajck
_bjvq
_cjck
942 _2ddc
_cBOOK
949 _a229 E96
_wDEWEY
_c1
_i47807
_lCCODEBUL1
_mBUL
_r0
_sY
_tBOOK
_u2015-4-23
_xTEOLOGIA
_zUNKNOWN
_0COMPRA
_o.STAFF. Colección General
949 _a229 E96
_wDEWEY
_c2
_i40337
_lCCODEBUL1
_mBUL
_r0
_sY
_tBOOK
_u2015-6-16
_xTEOLOGIA
_zUNKNOWN
_0COMPRA
_o.STAFF. Colección General
994 _aC0
_bPEPRU
596 _a1
999 _a229 E96
_wDEWEY
_c58141
_i47807
_f2021-11-9
_g5
_lCCODEBUL1
_mBUL
_r0
_sY
_tBOOK
_u2015-4-23
_xTEOLOGIA
_zUNKNOWN
_0COMPRA
_o.STAFF. Colección General
_d58141
999 _a229 E96
_wDEWEY
_c2
_i40337
_f2021-11-9
_g5
_lCCODEBUL1
_mBUL
_r0
_sY
_tBOOK
_u2015-6-16
_xTEOLOGIA
_zUNKNOWN
_0COMPRA
_o.STAFF. Colección General
980 _81
_gALBERTO SANCHEZ Responsable de Automatización